Statistics for Top 10 Countries to be Hardest Hit by Climate Change

Click here to take the quiz!

General Stats

  • This quiz has been taken 361 times
  • The average score is 7 of 10

Answer Stats

Capital CityAnswer% Correct
TokyoJapan
99%
ManilaPhilippines
88%
HanoiVietnam
87%
DhakaBangladesh
78%
Port Au PrinceHaiti
77%
AbujaNigeria
65%
Port MoresbyPapua New Guinea
64%
KhartoumSudan
63%
SuvaFiji
62%
LilongweMalawi
40%

Score Distribution

Percentile by Number Answered

Percent of People with Each Score

Your Score History

You have not taken this quiz